00229nam a2200097Ia 4500008004100000100001800041245002600059260002200085942000700107999001700114190216s9999||||xx |||||||||||||| ||und|| aSankaran Nair 0aIndiayile Vidyabyasam bKerala Basha Inst cBK c37832d37832